La réponse contient "Docteur" - Statistiques

Statistiques générales
  • Ce quiz a été pris 42 fois
  • Le résultat moyen est 10 sur 20
Statistiques - réponses
Question Docteur % Correct
L'alter ego de M. Hyde Dr. Jekyll
85%
L'acolyte de Sherlock Dr. Watson
85%
Un médecin odieux mais brillant, interprété par Hugh Laurie Dr. House
78%
Roman de Louisa May Alcott, il a 4 filles Docteur March
73%
Premier film de James Bond, il est sorti en 1962. Dr. No
73%
Docteur qui parle aux animaux Docteur Dolittle
70%
Série de science-fiction Britannique de 26 saisons Docteur Who
70%
Rappeur qui a vendu sa société de casques audio à Apple, interprète de "California Love" Dr. Dre
65%
« Il est vivant !!! » dit-il à Igor, son assistant bossu. Dr. Frankenstein
65%
Super-héros Marvel capable de se téléporter, de léviter et de modifier le tissu du temps Docteur Strange
63%
Marque de chaussures britanniques résistantes Doc Martens
63%
Boisson qui prétend être un mélange de 23 saveurs différentes Dr. Pepper
55%
« 1,21 gigawatts ? Nom de Zeus ! » Doc Brown
45%
Ennemi de Sonic le Hérisson Docteur Eggman
35%
Jeu de Nintendo, ou il faut aligner des pilules pour tuer des virus Dr. Mario
28%
Insulaire ayant créé des hybrides humain/animal Dr. Moreau
25%
Livre de Boris Pasternak qui a été sorti clandestinement d'Union soviétique Docteur Jivago
18%
Fillette qui a reçu l'incroyable don de communiquer avec les jouets et les nounours. Docteur la Peluche
15%
L'ennemi juré d'Austin Powers Dr. Denfer
15%
Vraisemblablement, Stanley l'a trouvé Dr. Livingstone
8%
Aucun quiz correspondant
Distribution des résultats
% des personnes avec chaque résultat
Percentile par nombre de réponses
Votre historique - résultats
Vous n’avez pas pris ce quiz